[Event "SRB-chT3 South"]
[Site "Serbia"]
[Date "2017.10.14"]
[Round "9.2"]
[White "Vasic, Blagoje"]
[Black "Kostic, Milos"]
[Result "1-0"]
[WhiteElo "1902"]
[BlackElo "1657"]
[PlyCount "71"]
[EventDate "2017.09.03"]
[EventType "team-tourn"]
[EventRounds "11"]
[EventCountry "SRB"]
[SourceTitle "EXT 2022"]
[Source "ChessBase"]
[SourceDate "2021.10.06"]
[SourceVersion "1"]
[SourceVersionDate "2021.10.06"]
[SourceQuality "1"]

1. e4 Nc6 2. d3 e5 3. Nf3 Nf6 4. g3 Be7 5. Bg2 0-0 6. 0-0 d5 7. exd5 Nxd5 8. Nbd2 Bg4 9. h3 Bh5 10. Re1 f5 11. c3 Nb6 12. Qe2 Qd6 13. b4 Bf6 14. a4 Rfd8 15. a5 Nd5 16. Bb2 e4 17. dxe4 Bxf3 18. Nxf3 fxe4 19. Qxe4 Bxc3 20. Ng5 Qg6 21. Qxd5+ Rxd5 22. Bxd5+ Kf8 23. Ne6+ Qxe6 24. Rxe6 Bxb2 25. Rb1 Bf6 26. Bxc6 bxc6 27. Rxc6 Be5 28. Rbc1 Rb8 29. Rxc7 Bxc7 30. Rxc7 Rxb4 31. Rxa7 Ra4 32. a6 g6 33. Kf1 Ra1+ 34. Ke2 Ra2+ 35. Kd3 Rxf2 36. Rb7 1-0

[Event "SRB-chT3 South"]
[Site "Serbia"]
[Date "2017.10.13"]
[Round "7.2"]
[White "Stevanovic, Jovan"]
[Black "Kostic, Milos"]
[Result "1-0"]
[WhiteElo "1658"]
[BlackElo "1657"]
[PlyCount "135"]
[EventDate "2017.09.03"]
[EventType "team-tourn"]
[EventRounds "11"]
[EventCountry "SRB"]
[SourceTitle "EXT 2022"]
[Source "ChessBase"]
[SourceDate "2021.10.06"]
[SourceVersion "1"]
[SourceVersionDate "2021.10.06"]
[SourceQuality "1"]

1. c4 e5 2. Nc3 Nc6 3. Nf3 Nf6 4. g3 Be7 5. Bg2 0-0 6. 0-0 d6 7. d3 h6 8. Rb1 a5 9. a3 Be6 10. b4 axb4 11. axb4 d5 12. b5 Na5 13. cxd5 Nxd5 14. Nxd5 Bxd5 15. Nxe5 Bf6 16. Bxd5 Qxd5 17. Nf3 Qa2 18. Be3 Rfd8 19. Qd2 Qe6 20. Qc2 Rd7 21. Rfc1 b6 22. Kg2 Nb7 23. Qc6 Rb8 24. Qxe6 fxe6 25. Rc6 Nd8 26. Rc4 Nf7 27. Rbc1 Rb7 28. Ra4 Rd5 29. Rac4 Rxb5 30. Rxc7 Rxc7 31. Rxc7 Rb2 32. Rb7 Rxe2 33. Rxb6 e5 34. Rb4 Ra2 35. Nd2 Ra3 36. Rb3 Ra8 37. Ne4 Rd8 38. Bc5 Rd7 39. Kf3 Ng5+ 40. Nxg5 Bxg5 41. Ke4 Bf6 42. Rb8+ Kh7 43. Ra8 Kg6 44. Ra4 Kh7 45. Ba3 Rc7 46. Rc4 Ra7 47. Bd6 Ra2 48. Ke3 Kg6 49. Rc5 Ra1 50. Bxe5 Re1+ 51. Kf4 Re2 52. f3 Bxe5+ 53. Rxe5 Rxh2 54. d4 Rd2 55. Ke3 Rd1 56. g4 Kf6 57. Ke4 Rd2 58. Kd5 Rd3 59. f4 Rg3 60. g5+ hxg5 61. fxg5+ Kf7 62. Kd6 Rd3 63. d5 Ra3 64. Re7+ Kf8 65. Rc7 Ra6+ 66. Rc6 Ra8 67. Kd7 Re8 68. Rc8 1-0